Movies Quiz

Random Movies or Clickable Quiz

Which film are we in? Quiz Stats

 Plays Quiz not verified by Sporcle

Challenge
Share
Tweet
Embed
Score 0/30 Timer 04:00
0 Plays Today
% Correct
Pulp Fiction
96.8%
Mean Girls
95.8%
Saving Private Ryan
93.7%
The King's Speech
91.6%
Juno
91.6%
The Hunger Games: Catching Fire
89.5%
Inception
88.4%
American Hustle
87.4%
Back to the Future
86.3%
Star Wars: Episode IV - A New Hope
86.3%
Zoolander
86.3%
The Butterfly Effect
84.2%
Harold & Kumar Go to White Castle
80%
Crazy, Stupid, Love
78.9%
21 Jump Street
78.9%
% Correct
Zack and Miri Make a Porno
77.9%
About a Boy
75.8%
Camp Rock
73.7%
127 Hours
72.6%
Phone Booth
71.6%
In Bruges
71.6%
The Hitchhiker's Guide to the Galaxy
69.5%
Being John Malkovich
69.5%
Amelie
68.4%
Unknown
65.3%
Trainspotting
64.2%
The Boat That Rocked
54.7%
Never Let Me Go
51.6%
The History Boys
48.4%
Project X
35.8%

You're not logged in!

Compare scores with friends on all Sporcle quizzes.
Join for Free
OR
Log In

You Might Also Like...

Show Comments

Extras

Created Jan 26, 2014ReportNominate
Tags:Clickable Quiz

Top Quizzes Today


Score Distribution

Your Account Isn't Verified!

In order to create a playlist on Sporcle, you need to verify the email address you used during registration. Go to your Sporcle Settings to finish the process.

Report this User

Report this user for behavior that violates our Community Guidelines.

Details: